| 000 | 00840nam a22002417a 4500 | ||
|---|---|---|---|
| 999 |
_c64507 _d64507 |
||
| 005 | 20240530110735.0 | ||
| 008 | 180712s2007 ua ah g b | 000 0 ara d | ||
| 017 |
_a2005/24111 _bمصر. دار الكتب |
||
| 020 | _a9772709929 | ||
| 040 |
_aEG-CaGPL _cEG-CaGPL |
||
| 082 | 0 | 4 |
_221 _a155.7 / _bع ع |
| 100 | 0 | _aعبدالهادى مصباح | |
| 245 | 1 | 2 |
_aالعبقرية والذكاء والابداع / _cعبدالهادى مصباح |
| 250 | _aط.2 | ||
| 260 |
_aالقاهرة : _bالدار المصرية اللبنانية ، _c2007. |
||
| 300 |
_a232 ص. : _bايض ؛ _c24 سم. |
||
| 504 | _aيشتمل على ارجاعات ببليوجرافية | ||
| 650 | 0 | 7 |
_2qrmak _aالابداع |
| 650 | 0 | 7 |
_2qrmak _aالابتكار |
| 651 | _2qrmak | ||
| 942 |
_2ddc _cBK |
||